000 00873nam a2200217Ia 4500
005 20241129111417.0
008 241129s9999||||xx |||||||||||||| ||und||
020 _a978-93-82553-74-8
037 _aTB
040 _aCRL
_bhin
_cCRL
041 _ahin
_2hin
084 _aΔ2y7M63:g 152Q7
_qCRL
100 _aसुनील कुमार, ‘प्रियबच्चन’, ले.
_9724333
245 0 _aस्वामी विवेकानन्द का योग चिन्तन
_cसुनील कुमार, ‘प्रियबच्चन’, ले.
260 _aदिल्ली, भारत
_bअतुल्य पब्लकेशन्स
_c2017
300 _a72पृ0
365 _aINR
_b200
650 _aSpirtual Experience and Mysticism
_9722944
942 _cTB
_hΔ2y7M63:g 152Q7
999 _c1230339
_d1230339